Statystyki dla Finaliści mś w piłce nożnej

Kliknij tutaj aby rozwiązać quiz!

Ogólne statystyki

  • Ten quiz został rozwiązany 1 050 razy
    (900 od ostatniego zresetowania)
  • Średni wynik to 11 z 13

Statystyki odpowiedzi

Finały (zwycięstwa)ODP% Poprawnych
7 (5)Brazylia
99%
5 (2)Argentyna
98%
3 (2)Francja
98%
8 (4)Niemcy
98%
1 (1)Hiszpania
94%
6 (4)Włochy
94%
1 (1)Anglia
87%
3 (0)Holandia
86%
2 (2)Urugwaj
86%
1 (0)Chorwacja
77%
1 (0)Szwecja
64%
2 (0)Węgry
56%
2 (0)Czechy
55%

Rozkład punktacji

Percentyl według liczby udzielonych odpowiedzi

Procent ludzi z każdym wynikiem

Twoja historia wyników

Nie rozwiązałeś tego quizu od ostatniego zresetowania